Le top 30 des séries Netflix - Statistiques

Statistiques générales
  • Ce quiz a été pris 1 432 fois
  • Le résultat moyen est 3 sur 30
Statistiques - réponses
Hint Réponse % Correct
5 Stranger things
79%
12 Sex education
28%
15 13 reasons why
25%
28 Lupin
22%
4 Narcos
22%
11 Orange is the new black
22%
1 The crown
18%
30 La chronique des bridgerton
17%
22 The whitcher
17%
14 Le jeu de la dame
14%
21 Umbrella academy
14%
27 Dark
12%
2 House of cards
7%
16 Ozark
7%
9 Sense8
6%
3 Mindhunter
3%
26 The OA
3%
25 Big mouth
2%
10 Bojack horseman
2%
13 Dans leur regard
1%
17 Godless
1%
29 Marianne
1%
8 Master of none
1%
24 Punisher
1%
6 The hauting of hill house
1%
18 Unbelivable
1%
23 Chasseurs de trolls
0%
20 Dear white people
0%
19 La méthode kominsky
0%
7 Maniac
0%
Aucun quiz correspondant
Distribution des résultats
% des personnes avec chaque résultat
Percentile par nombre de réponses
Votre historique - résultats
Vous n’avez pas pris ce quiz